02689nam a2200277Ia 4500003000400000005001700004008004000021020001800061040000900079041000800088082002300096100002300119245000800142260003200150300002400182520170600206650002701912650002601939650003001965700002501995906001102020942001202031999001902043952016402062952018502226OSt20220627165110.0210210b2010 xxu||||| |||| 00| 0 eng d a9780241950111 cAloy aeng a823.914 223bCOEF aJ M Coetzee945096 aFoe aLondonbPenguin Booksc2010 a157p.bPBc19x13cm. aNobel Laureate and two-time Booker prize-winning author of Disgrace and The Life and Times of Michael K, J. M. Coetzee reimagines Daniel DeFoe's classic novel Robinson Crusoe in Foe. In an act of breathtaking imagination, J.M Coetzee radically reinvents the story of Robinson Crusoe. In the early eighteenth century, Susan Barton finds herself adrift from a mutinous ship and cast ashore on a remote desert island. There she finds shelter with its only other inhabitants: a man named Cruso and his tongueless slave, Friday. In time, she builds a life for herself as Cruso's companion and, eventually, his lover. At last they are rescued by a passing ship, but only she and Friday survive the journey back to London. Determined to have her story told, she pursues the eminent man of letters Daniel Foe in the hope that he will relate truthfully her memories to the world. But with Cruso dead, Friday incapable of speech and Foe himself intent on reshaping her narrative, Barton struggles to maintain her grip on the past, only to fall victim to the seduction of storytelling itself. Treacherous, elegant and unexpectedly moving, Foe remains one of the most exquisitely composed of this pre-eminent author's works. 'A small miracle of a book. . . of marvellous intricacy and overwhelming power' Washington Post 'A superb novel' The New York Times South African author J. M. Coetzee was awarded the Nobel Prize for Literature in 2003 and was the first author to win the Booker Prize twice for his novels Disgrace and The Life and Times of Michael K. His novel set during the South African apartheid, Age of Iron, winner of the Sunday Express Book of the Year award is also available in Penguin paperback. aEnglish Fiction945097 aEnglish Novel 945098 aEnglish Literature945099 aCOETZEE (J M)945100 a073809 2ddccBK c123543d123543 001040708EnglishaALbALd2021-02-17eBiblios Book Point, Surathkal-575014g540.00l2o823.914 COEFp073809r2023-01-30 00:00:00s2023-01-19w2021-02-17yBK 00102ddc40708ENGaALbALd2022-06-24eBiblios Book Point, Surathkal, Mangalore-575014g319.00l2o823.914 COEFp075914r2024-08-26 00:00:00s2024-08-12v399.00w2022-06-24yBK